Responses for Show #3005 - Friday, September 26, 1997

Contestants

[<< previous game]

Lynn Kusnierz, a magazine editor from New York City, New York

Pete Vodola, an attorney from Newtown, Connecticut

Bob Willoughby, a computer programming student from Madison, Wisconsin (whose 3-day cash winnings total $36,001)

[next game >>]

Jeopardy! Round responses

NAME THAT BODY PART
PRIME TIME TV
CROSSWORD CLUES "U"
WORLD WAR I
MIDDLE NAMES
INTO THE WOODS
    $100 21
Tooth

Lynn
    $100 11
Jane Curtin

Bob
    $100 1
unsinkable

Lynn
    $100 16
Western front

Pete
    $100 26
Robert Ripley

Pete
    $100 6
Central Park

Bob
    $200 22
Foot

Bob
    $300 12
(Bob: I don't know.)

Diagnosis: Murder

Bob
    $200 2
udder

Bob
    $200 17
Treaty of Versailles

Pete
    $200 27
Neil

Pete
    $200 7
Grant Wood

Bob
    $300 23
Brain

Bob
    $300 13
Twin Peaks

Bob
    $300 3
usher

Pete
    $300 18
(Lynn: Who is the Red Baron?)

Eddie Rickenbacker

Lynn
Triple Stumper
    $300 28
Sylvester Stallone

Bob
    $300 8
Warren G. Harding

Bob
    $400 24
Lungs

Bob
    $400 14
Medical Center

Triple Stumper
    $400 4
upside down

Bob
    $400 19
Voltaire

Bob
    $400 29
Waldo

Bob
    $400 9
Evelyn Wood

Bob
    $500 25
Kidney

Bob
    $500 15
Working Girl

Bob
    $500 5
Urban

Bob
    $500 20
"Big Bertha"

Lynn
    $500 30
Riddle

Triple Stumper
    $500 10
Natalie Wood

Lynn

Scores at the first commercial break (after clue 15):

Bob Pete Lynn
$2,700 $300 $600

Scores at the end of the Jeopardy! Round:

Bob Pete Lynn
$5,200 $900 $900

Double Jeopardy! Round responses

CONTEMPORARY AUTHORS
TOUGH GEOGRAPHY
WORD ORIGINS
MOVIE DIRECTORS
FUN FACTS
CANADIAN MUSICIANS
    $200 6
John Grisham

Bob
    $200 1
[Pete selected the first clue.]

India

Pete
    $200 16
(Bob: What is black?)

white (alba)

BobPete
    $200 10
[ERRATUM: "Autobiography" was incorrectly spelled "autobiograpy" in the clue as shown.]

Roman Polanski

Pete
    $200 26
Antarctica

Bob
    $200 21
Neil Young

Pete
    $400 7
Gore Vidal

Bob
    $400 2
The Matterhorn

Pete
    $400 17
Klutz

Lynn
    $2,300 11
[Walking two dogs]
(Alex: The film was The Birds, starring Tippi Hedren.)

Alfred Hitchcock

Pete
    $400 27
Mudville

Bob
    $3,000 22
k.d. lang

Pete
    $600 8
Arthur C. Clarke

Bob
    $600 3
(Bob: What is Argentina?)

Ecuador

BobPete
    $600 18
Duck

Lynn
    $600 12
Ingmar Bergman

Bob
    $600 28
"DEWEY DEFEATS TRUMAN"

Pete
    $600 23
Trumpet

Bob
    $800 9
Tom Wolfe

Pete
    $800 4
Negev

Bob
    $800 19
Beguine

Bob
    $800 13
Oliver Stone

Pete
    $800 30
(B: What is 21?)
(P: What is 28?)

42

BobPete
Triple Stumper
    $800 24
Rush

Bob
    $1000 15
Patricia Cornwell

Bob
    $1000 5
Rio de la Plata

Lynn
    $1000 20
Marimba

Triple Stumper
    $1000 14
Clint Eastwood

Bob
    $1000 29
Maine

Bob
    $1000 25
Glenn Gould

Bob

Scores at the end of the Double Jeopardy! Round:

Bob Pete Lynn
$13,000 $9,400 $2,900

[wagering suggestions for these scores]

Final Jeopardy! Round responses

U.S. GOVERNMENT
(Alex: Just noticed something: our new think music this season sounds like it came from a piano bar in New York City - what a nice thought!)
LynnWhat is the Joint Chiefs of Staff?
$2,899
PeteWhat is the Joint Chiefs?
$9,400
BobWhat is the U.N.?
$5,801
The Joint Chiefs of Staff

Final scores:

Bob Pete Lynn
$7,199 $18,800 $5,799
2nd place: Trip to Hotel Melia Victoria, Palma de Majorca, Spain New champion: $18,800 3rd place: Pair of Wittnauer International Watches

Game dynamics:

Coryat scores:

Bob Pete Lynn
$13,300 $4,900 $2,900
31 R,
4 W
(including 1 DD)
16 R
(including 2 DDs),
1 W
7 R,
1 W

Combined Coryat: $21,100

[game clues] [game scores] [suggest correction]

Game tape date: Unknown
The J! Archive is created by fans, for fans. Scraping, republication, monetization, and malicious use prohibited; this site may use cookies and collect identifying information. See terms. The Jeopardy! game show and all elements thereof, including but not limited to copyright and trademark thereto, are the property of Jeopardy Productions, Inc. and are protected under law. This website is not affiliated with, sponsored by, or operated by Jeopardy Productions, Inc. Join the discussion at JBoard.tv.